[Event "Lviv Talents FIDE open"]
[Site "Lviv UKR"]
[Date "2011.03.01"]
[Round "8.2"]
[White "Francuzov,A"]
[Black "Zazuliak,A"]
[Result "0-1"]
[WhiteElo "2034"]
[BlackElo "2175"]

1.d4 Nf6 2.c4 g6 3.Nc3 Bg7 4.e4 d6 5.Nf3 O-O 6.Be2 e5 7.O-O Nbd7 8.dxe5 dxe5
9.Qc2 c6 10.b3 Re8 11.Rd1 Qc7 12.Ba3 Bf8 13.Bxf8 Nxf8 14.Qd2 Bg4 15.Qd6 Qxd6
16.Rxd6 Bxf3 17.Bxf3 Ne6 18.g3 Kf8 19.Bg2 Ke7 20.Rd2 Red8 21.Rad1 Rxd2 22.Rxd2 Nd4
23.f4 Rd8 24.fxe5 Ng4 25.Nd5+ cxd5 26.Rxd4 dxc4 27.Rxd8 Kxd8 28.bxc4 Nxe5
29.Bf1 Ke7 30.Kf2 Kd6 31.Ke3 h6 32.Kf4 f6 33.g4 Ke6 34.h4 g5+ 35.hxg5 hxg5+
36.Ke3 Kd6 37.Kd4 Nc6+ 38.Kd3 b6 39.Kd2 Ke5 40.Ke3 Nb4 41.a4 Na6 42.a5 bxa5  0-1

[Event "27th Open"]
[Site "Cappelle la Grande FRA"]
[Date "2011.03.04"]
[Round "8.13"]
[White "Brunner,N"]
[Black "Hebden,M"]
[Result "1/2-1/2"]
[WhiteElo "2478"]
[BlackElo "2558"]

1.d4 Nf6 2.c4 g6 3.Nc3 Bg7 4.Nf3 O-O 5.e4 d6 6.Be2 e5 7.dxe5 dxe5 8.Qxd8 Rxd8
9.Bg5 Re8 10.Nd5 Nxd5 11.cxd5 c6 12.Bc4 cxd5 13.Bxd5 Nd7 14.Nd2 Nc5 15.O-O-O Be6
16.Bxe6 Rxe6 17.Be3 Bf8 18.f3 a5 19.Nb3 Nxb3+ 20.axb3 Rc8+  1/2-1/2

[Event "27th Open"]
[Site "Cappelle la Grande FRA"]
[Date "2011.03.04"]
[Round "8.3"]
[White "Tikkanen,H"]
[Black "Spraggett,K"]
[Result "1/2-1/2"]
[WhiteElo "2550"]
[BlackElo "2575"]

1.d4 Nf6 2.c4 g6 3.Nc3 Bg7 4.e4 d6 5.Nf3 O-O 6.Be2 Na6 7.O-O e5 8.Be3 c6
9.d5 Ng4 10.Bg5 f6 11.Bh4 c5 12.Ne1 Nh6 13.f3 Nf7 14.Nd3 Qe7 15.a3 Bd7 16.b4 b6
17.bxc5 bxc5 18.Rb1 Rfb8 19.Nb5 Bh6 20.Qa4 Bc8 21.g4 Rb6 22.Kh1 Bd7 23.Be1 Nc7
24.Ba5 Ra6 25.Nxc7 Bxa4 26.Nxa6 Rc8 27.Rb2 f5 28.gxf5 gxf5 29.Rfb1 Be3 30.Rb7 Qf6
31.Nc7 Kh8 32.Rb8 Rxb8 33.Rxb8+ Kg7 34.Ne6+ Kh6 35.Rg8 Bd7 36.exf5 Qxf5 37.Nf2 Bxe6
38.Ng4+ Kh5 39.Nxe3 Qb1+ 40.Rg1 Qb2 41.dxe6 Qxe2 42.exf7 Qxf3+ 43.Rg2 Qxf7
44.Kg1 Qf4 45.Bd2 Qd4 46.Kf1 a5 47.Ke2 a4 48.Rg5+ Kxg5 49.Nc2+ Qxd2+ 50.Kxd2 Kf4
51.Ke2 Ke4 52.Ne3 Kd4 53.h4 Kc3 54.h5 Kb3 55.Kd3 Kxa3 56.Kc3 Ka2 57.Kc2 Ka3
58.Nf5 Kb4 59.Nxd6 a3 60.h6 e4 61.Nxe4 Kxc4 62.Nf6 Kd4 63.Nxh7 Ke5 64.Kb3 Ke6
65.Ng5+ Kf6 66.Kxa3 Kg6 67.h7 Kg7 68.Kb3 c4+ 69.Kxc4 Kh8 70.Kd5 Kg7 71.Ke6 Kh8  1/2-1/2

[Event "ch-RUS U20"]
[Site "St Petersburg RUS"]
[Date "2011.03.04"]
[Round "1"]
[White "Goganov,A"]
[Black "Shimanov,A"]
[Result "1/2-1/2"]
[WhiteElo "2469"]
[BlackElo "2550"]

1.d4 Nf6 2.c4 g6 3.Nc3 Bg7 4.e4 O-O 5.Nf3 d6 6.Be2 e5 7.O-O exd4 8.Nxd4 Re8
9.f3 c6 10.Kh1 Nbd7 11.Bg5 Qb6 12.Nb3 a5 13.Qd2 a4 14.Be3 Qd8 15.Nd4 Nc5
16.Rab1 Nfd7 17.b4 axb3 18.axb3 Be5 19.b4 Ne6 20.f4 Bg7 21.Nxe6 Rxe6 22.Bd4 Nf6
23.Bf3 Re8 24.Rfd1 Be6 25.c5 d5 26.e5 Nd7 27.Ra1 Rxa1 28.Rxa1 f6 29.exf6 Nxf6
30.Be5 Bg4 31.Qd1 Bxf3 32.Qxf3 Nd7 33.Bxg7 Kxg7 34.h3 Nf6 35.f5 Qe7 36.fxg6 d4
37.Na4 hxg6 38.Rd1 Qe5 39.Nb6 Ne4 40.Nc4 Ng3+ 41.Kh2 Nf1+ 42.Kg1 Qh2+ 43.Kxf1 Rf8
44.Qxf8+ Kxf8 45.Rxd4 Qh1+ 46.Kf2 Qb1 47.Rf4+ Kg8 48.Ne3 Qd3 49.h4 Kg7 50.Kf3 Qd2
51.Re4 Kf8 52.g3 Qc3 53.Rc4 Qd2 54.g4 Qe1 55.g5 Qh1+ 56.Ke2 Qh2+ 57.Kd3 Qg3
58.Re4 Qe1 59.Rf4+ Kg7 60.Rd4 Kf8 61.Re4 Qb1+ 62.Nc2 Qd1+ 63.Kc3 Qf3+  1/2-1/2

[Event "Saint Louis Invitational"]
[Site "Saint Louis USA"]
[Date "2011.03.06"]
[Round "5"]
[White "Kraai,J"]
[Black "Perelshteyn,E"]
[Result "1/2-1/2"]
[WhiteElo "2509"]
[BlackElo "2533"]

1.Nf3 Nf6 2.c4 g6 3.Nc3 Bg7 4.e4 d6 5.d4 O-O 6.Be2 Na6 7.O-O e5 8.dxe5 dxe5
9.Be3 Ng4 10.Bg5 f6 11.Bd2 Nh6 12.Qa4 c6 13.b4 Qe7 14.b5 Nc5 15.Qb4 Re8 16.Rfd1 Bf8
17.bxc6 bxc6 18.Rab1 Nf7 19.Be3 Bg4 20.Nd2 Bxe2 21.Nxe2 Ng5 22.f3 Nge6 23.Nb3 a5
24.Qe1 a4 25.Nxc5 Nxc5 26.Qb4 Qa7 27.Qb6 Qxb6 28.Rxb6 Red8 29.Rdb1 Rac8 30.Kf2 Nd3+
31.Kg3 Bc5 32.Bxc5 Nxc5 33.Kf2 Rd2 34.Rb8 Rxb8 35.Rxb8+ Kg7 36.Rb6 Ne6 37.Kf1 Rxa2
38.Rxc6 Nd4 39.Nxd4 exd4 40.Rc7+ Kh6 41.Ra7 d3 42.Ke1 a3 43.c5 Re2+ 44.Kd1 a2
45.c6 Rxg2 46.c7 Rc2 47.Rxa2 Rxc7 48.Ra6 Kg5 49.Kd2 Rd7 50.h4+ Kxh4 51.Rxf6 g5
52.e5 h5 53.e6 Rd8 54.Rg6 Rd5 55.e7 Re5 56.Rg7 Re6 57.Kxd3 Kg3 58.Rxg5+ Kxf3
59.Rxh5  1/2-1/2

[Event "TCh-FIN 2010-11"]
[Site "Helsinki FIN"]
[Date "2011.03.12"]
[Round "8.2"]
[White "Ivanov,MM"]
[Black "Sklyarov,D"]
[Result "0-1"]
[WhiteElo "2438"]
[BlackElo "2402"]

1.d4 Nf6 2.c4 g6 3.Nc3 Bg7 4.e4 d6 5.Be2 O-O 6.Nf3 e5 7.d5 a5 8.Bg5 Na6 9.Nd2 Qe8
10.a3 Nc5 11.b4 axb4 12.axb4 Rxa1 13.Qxa1 Na6 14.Qa3 c5 15.dxc6 bxc6 16.b5 Nc5
17.Be3 Bb7 18.O-O Nfd7 19.Nb3 Nxb3 20.Qxb3 Qe6 21.Rd1 Ra8 22.f3 Bf8 23.Qb2 c5
24.Nd5 Bxd5 25.cxd5 Qe7 26.b6 Qd8 27.b7 Ra7 28.Rb1 Nb8 29.Bd2 Be7 30.Ra1 Rxa1+
31.Qxa1 Qc7 32.Qa8 Bd8 33.Bc4 Kg7 34.h4 Bxh4 35.Ba5 Qe7 36.Qxb8 Qg5 37.Qxd6 Qe3+
38.Kh2 Qf4+ 39.Kg1 Qe3+ 40.Kh1 Bg3 41.Qxc5 Qxc5 42.b8=Q Qe3 43.Qb6 Qc1+ 44.Be1 Qxe1+
45.Qg1 Qd2 46.f4 Qxf4 47.Qd1 Qh6+ 48.Kg1 Qe3+ 49.Kh1 Bf2 50.Qf3 Qh6+ 51.Qh3 Qc1+  0-1

[Event "SPICE Spring Invitational"]
[Site "Lubbock USA"]
[Date "2011.03.12"]
[Round "2"]
[White "Bykhovsky,An ISR"]
[Black "Naroditsky,D"]
[Result "1/2-1/2"]
[WhiteElo "2517"]
[BlackElo "2438"]

1.d4 Nf6 2.c4 g6 3.Nc3 Bg7 4.e4 d6 5.Nf3 O-O 6.Be2 e5 7.O-O Nbd7 8.Re1 Re8
9.d5 Nc5 10.Bf1 a5 11.Rb1 Nh5 12.b3 f5 13.Nd2 Nf6 14.f3 Nh5 15.a3 Nf4 16.Qc2 Qh4
17.Rd1 Qg5 18.Kh1 Ncd3 19.g3 Nf2+ 20.Kg1 Nxd1 21.Nxd1 Nh5 22.c5 Qe7 23.cxd6 cxd6
24.a4 Nf6 25.Ba3 fxe4 26.fxe4 Qd8 27.Nc3 Ng4 28.Nc4 Rf8 29.Nd1 Ra6 30.Qe2 Nf6
31.Nc3 Ng4 32.Nd1 Bh6 33.Bg2 Bg5 34.h3 Nf6 35.Nc3 Nh5 36.Qd3 Be7 37.Rc1 Bd7
38.Rc2 Rf7 39.Kh2 Qf8 40.Qe3 Qd8 41.Qd3 Qf8 42.Qe3 h6 43.Qg1 Qd8 44.Qd1 Qf8
45.Qg1 Qa8 46.Qd1 Qf8 47.Qe1 Qd8  1/2-1/2

[Event "ch-NCA 2011"]
[Site "Managua NCA"]
[Date "2011.03.12"]
[Round "4.3"]
[White "Bravo,Will"]
[Black "Ortiz,Ma"]
[Result "1/2-1/2"]
[WhiteElo "2243"]
[BlackElo "2111"]

1.d4 Nf6 2.c4 g6 3.Nc3 Bg7 4.e4 d6 5.Nf3 Na6 6.Be2 O-O 7.O-O e5 8.Re1 c6
9.Bf1 Bg4 10.d5 Nb4 11.Qb3 a5 12.Nd2 Bc8 13.Qd1 Ne8 14.a3 Na6 15.b4 c5 16.bxc5 Nxc5
17.Nb3 b6 18.Nxc5 bxc5 19.Rb1 f5 20.Be2 Nf6 21.f3 f4 22.Na4 g5 23.Bd2 Ra6
24.Qb3 Rf7 25.g4 fxg3 26.hxg3 g4 27.Bg5 gxf3 28.Bxf3 Qf8 29.Rf1 Bh6 30.Qe3 Bxg5
31.Qxg5+ Qg7 32.Qxg7+ Kxg7 33.Kg2 Bd7 34.Nc3 Be8 35.Rb8 Bd7 36.Rfb1 Bg4 37.R1b7 Bxf3+
38.Kxf3 Nd7+ 39.Ke2 Nxb8 40.Rxb8 Kf6 41.Nb5 Kg5 42.Rg8+ Kh6 43.Rd8 Rf6 44.Rd7 Ra8
45.Nxd6 Rg8 46.Nf7+ Kh5 47.Nxe5 h6 48.g4+ Kh4 49.Rf7 Rb6 50.Ke3 Re8 51.Kf4 Rb1
52.Nf3+ Kh3 53.Rf6 Kg2 54.e5 Rc1 55.e6 Rxc4+ 56.Ke5 Rxg4 57.d6 Rg7 58.Nh4+ Kh3
59.Nf5 Rb7 60.Rxh6+ Kg4 61.e7 c4 62.Rh4+ Kg5 63.Rxc4 Rb5+ 64.Kd4 Kxf5 65.d7 Rbb8
66.dxe8=Q Rxe8 67.Rc7 Ke6 68.Kc5 Rxe7 69.Rc6+ Kd7 70.Kb6 Re3 71.Rc5 a4 72.Ka5 Rxa3
73.Rc4 Ra1 74.Rxa4 Rb1  1/2-1/2

[Event "TCh-NED"]
[Site "Netherlands NED"]
[Date "2011.03.12"]
[Round "7.5"]
[White "Van Beek,A"]
[Black "Broekmeulen,Ja"]
[Result "0-1"]
[WhiteElo "2337"]
[BlackElo "2371"]

1.d4 d6 2.Nf3 Nf6 3.c4 g6 4.Nc3 Bg7 5.e4 O-O 6.Be2 e5 7.O-O exd4 8.Nxd4 Nc6
9.Be3 Re8 10.f3 Nh5 11.Nc2 f5 12.Qd2 fxe4 13.fxe4 Nf6 14.Bg5 Rf8 15.Nd5 Nxe4
16.Bxd8 Rxf1+ 17.Bxf1 Nxd2 18.Bxc7 Bxb2 19.Re1 Nxf1 20.Rxf1 Be5 21.Nf6+ Kh8
22.Ne3 Be6 23.Nfg4 Bd4  0-1

[Event "TCh-Paulista"]
[Site "Sao Paolo BRA"]
[Date "2011.03.12"]
[Round "5.14"]
[White "Siqueira Gomes,Gustavo"]
[Black "Coelho,L"]
[Result "0-1"]
[WhiteElo "2045"]
[BlackElo "2392"]

1.d4 Nf6 2.c4 g6 3.Nc3 Bg7 4.e4 d6 5.Be2 O-O 6.Nf3 e5 7.O-O Na6 8.Be3 Ng4
9.Bg5 Qe8 10.h3 h6 11.Bc1 Nf6 12.dxe5 dxe5 13.Be3 Qe7 14.a3 c6 15.b4 Nh5
16.Qc2 Nf4 17.c5 Nxe2+ 18.Qxe2 f5 19.Rad1 Nc7 20.Bc1 f4 21.Bb2 b6 22.cxb6 Ba6
23.b5 Nxb5 24.Qc4+ Kh7 25.Rfe1 axb6 26.Nxb5 Bxb5 27.Qb4 Rfe8 28.Qxe7 Rxe7
29.Rd6 Rae8 30.Red1 g5 31.R1d2 Kg8 32.Rd7 Kf8 33.Rxe7 Rxe7 34.Rd8+ Kf7 35.Rb8 Ke6
36.Rxb6 Rd7 37.Rb8 Rd1+ 38.Kh2 Rf1 39.Re8+ Kf7 40.Rc8 Rxf2 41.Bxe5 Bxe5 42.Nxe5+ Ke6
43.Ng4 Ra2 44.Rh8 f3 45.Rxh6+ Ke7 46.Rh7+ Kf8 47.Rh5 Rxg2+ 48.Kh1 Rxg4 49.hxg4 f2  0-1

[Event "TCh-Paulista"]
[Site "Sao Paolo BRA"]
[Date "2011.03.12"]
[Round "6.1"]
[White "Palozi,P"]
[Black "Herbst Neto,E"]
[Result "1-0"]
[WhiteElo "2258"]
[BlackElo "1929"]

1.d4 Nf6 2.c4 g6 3.Nc3 Bg7 4.e4 O-O 5.Nf3 d6 6.Be2 e5 7.O-O Nbd7 8.Bg5 c6
9.Qd2 a6 10.Rfd1 Qe8 11.dxe5 dxe5 12.Qd6 h6 13.Bh4 g5 14.Bg3 Nh5 15.Rd2 Nxg3
16.hxg3 Bf6 17.Rad1 Kg7 18.Qd3 Nc5 19.Qe3 Ne6 20.Nh2 Be7 21.Bh5 Bc5 22.Qd3 Nd4
23.a3 a5 24.Ne2 Be6 25.Nf3 Nxf3+ 26.gxf3 Qe7 27.Qc3 f6 28.Kg2 Rfd8 29.Rd3 Rxd3
30.Qxd3 b6 31.f4 gxf4 32.gxf4 Kh7 33.f5 Bf7 34.Bg6+ Bxg6 35.fxg6+ Kxg6 36.Qh3 Rd8
37.Qf5+ Kg7 38.Qg4+ Kh8 39.Rxd8+ Qxd8 40.Ng3 Qg8 41.Qd7 h5 42.Qxc6 Qg6 43.Qc8+ Kh7
44.Qd7+ Kg8 45.Qh3 Kf7 46.a4 Qg4 47.Qxh5+ Qxh5 48.Nxh5 Kg6 49.Ng3 Kg5 50.Ne2 f5
51.Kf3 f4 52.Nc1 Bd4 53.Nd3 Kh4 54.b4 axb4 55.Nxb4 Kg5 56.Nc6 Bc3 57.c5 bxc5
58.a5 c4 59.a6 Bd4 60.Nxd4 exd4 61.a7  1-0

[Event "TCh-Paulista"]
[Site "Sao Paolo BRA"]
[Date "2011.03.12"]
[Round "6.6"]
[White "Coelho,L"]
[Black "Gutierrez,Ce"]
[Result "1/2-1/2"]
[WhiteElo "2392"]
[BlackElo "2002"]

1.d4 Nf6 2.c4 g6 3.Nc3 Bg7 4.e4 d6 5.Nf3 O-O 6.Be2 e5 7.Be3 Ng4 8.Bg5 f6
9.Bh4 g5 10.Bg3 exd4 11.Nxd4 Ne5 12.Qd2 Nbc6 13.Nf5 Bxf5 14.exf5 Qd7 15.Nd5 Ne7
16.Nxe7+ Qxe7 17.O-O c6 18.Rad1 Rad8 19.f4 gxf4 20.Qxf4 d5 21.cxd5 cxd5 22.Bf3 Qc5+
23.Bf2 Qa5 24.a3 Kh8 25.Rd4 Nc6 26.Rd2 Rf7 27.Rfd1 Rfd7 28.Re2 Ne5 29.Bd4 Qa4
30.Ree1 Nc6 31.Be3 Qb3 32.Bd4 Qa4  1/2-1/2

[Event "TCh-SVK Extraliga 2010-11"]
[Site "Slovakia SVK"]
[Date "2011.03.12"]
[Round "7.8"]
[White "Hujo,J"]
[Black "Fedorko,S"]
[Result "1/2-1/2"]
[WhiteElo "2092"]
[BlackElo "2092"]

1.d4 Nf6 2.Nf3 g6 3.c4 Bg7 4.Nc3 O-O 5.e4 d6 6.Be2 e5 7.dxe5 dxe5 8.Qxd8 Rxd8
9.Bg5 Re8 10.O-O-O c6 11.Rd6 Nbd7 12.Rhd1 h6 13.Bh4 g5 14.Bg3 Bf8 15.R6d2 Bb4
16.Kc2 Bxc3 17.bxc3 Nxe4 18.Rxd7 Bxd7 19.Rxd7 Nxg3 20.hxg3 Rab8 21.c5 Kf8
22.Bc4 Re7 23.Rxe7 Kxe7 24.Nxe5 f6 25.Nf3 b6 26.Nd4 Kd7 27.Be6+ Kc7 28.cxb6+ axb6
29.Bg4 Rh8 30.Bf3 c5 31.Nb5+ Kd7 32.g4 Ke6 33.Nc7+ Ke5 34.Nd5 Rb8 35.Ne3 b5
36.a3 b4 37.axb4 cxb4 38.Nc4+ Ke6 39.cxb4 Rxb4 40.Kc3 Rb8 41.Kd4 f5 42.gxf5+ Kxf5
43.Be4+ Kf6 44.g4 Rd8+ 45.Bd5 Re8 46.Nd6 Re2 47.Ne4+ Kg6 48.f3 Re1 49.Ng3 Ra1
50.Ke5 Ra5 51.Nh5 Rb5 52.Ke6 Rb6+ 53.Ke7 Kh7 54.Kf7 Kh8 55.Nf6 Ra6 56.Be6 Rb6
57.Nd7 Ra6 58.Ne5 Kh7 59.Bf5+ Kh8 60.Ng6+ Kh7 61.Nf8+ Kh8 62.Ne6 Rb6 63.Kg6 Ra6
64.Kh5 Rb6 65.f4 gxf4 66.Kxh6 f3 67.g5 f2 68.g6 Rb7 69.Bd3 Rh7+ 70.gxh7 f1=Q
71.Bxf1  1/2-1/2

[Event "TCh-FIN 2010-11"]
[Site "Helsinki FIN"]
[Date "2011.03.13"]
[Round "9.3"]
[White "Lehtinen,H"]
[Black "Luukkonen,T"]
[Result "1-0"]
[WhiteElo "2400"]
[BlackElo "2298"]

1.Nf3 Nf6 2.c4 g6 3.Nc3 Bg7 4.e4 d6 5.d4 O-O 6.Be2 e5 7.Be3 Ng4 8.Bg5 f6
9.Bh4 g5 10.Bg3 Nh6 11.d5 Nd7 12.Nd2 f5 13.exf5 Nf6 14.Nde4 Nxe4 15.Nxe4 Nxf5
16.O-O c6 17.c5 dxc5 18.dxc6 Nd4 19.Bc4+ Kh8 20.Qh5 Rf5 21.Nxc5 bxc6 22.Bd3 Qd5
23.Bxf5 Bxf5 24.Nb3 Be4 25.f3 Bd3 26.Qxg5 h6 27.Qh5 Ne2+ 28.Kh1 Nxg3+ 29.hxg3 Bxf1
30.Rxf1 a5 31.Qg6 Rb8 32.Rc1 a4 33.Nc5 Rxb2 34.Ne6 Rb7 35.Qe8+ Kh7 36.Rxc6 Rd7
37.Rc8  1-0

[Event "UT Dallas GM Invitational"]
[Site "Richardson USA"]
[Date "2011.03.13"]
[Round "2"]
[White "Sadorra,J"]
[Black "Robson,R"]
[Result "1-0"]
[WhiteElo "2475"]
[BlackElo "2522"]

1.Nf3 Nf6 2.c4 g6 3.Nc3 Bg7 4.e4 d6 5.d4 O-O 6.Be2 e5 7.d5 a5 8.Bg5 h6 9.Bh4 Na6
10.Nd2 c6 11.O-O Bd7 12.Kh1 Qe8 13.Nb3 cxd5 14.Bxf6 Bxf6 15.Nxd5 Bd8 16.Nxa5 Nc5
17.b4 Rxa5 18.bxa5 Nxe4 19.Bf3 Ba4 20.Qc1 Ng5 21.Bd1 Bc6 22.h4 Ne4 23.Bf3 Bxd5
24.cxd5 Nc5 25.Qxh6 Qe7 26.g3 Bxa5 27.Kg2 e4 28.Bg4 Bc3 29.Rac1 Bg7 30.Qg5 Qxg5
31.hxg5 Re8 32.Rfd1 Kf8 33.Rb1 Ke7 34.Rdc1 Rb8 35.a4 Kd8 36.a5 Kc7 37.Rb4 Re8
38.Rb6 Be5 39.Rb4 Bg7 40.Rh1 Bc3 41.Rb5 Rf8 42.Rh7 Kd8 43.Rh1 Bd2 44.Rhb1 Kc7
45.a6 Rb8 46.axb7 Rxb7 47.Rxb7+ Nxb7 48.Bd7 Nc5 49.Be8 Nd3 50.Bxf7 Ne5 51.Be6 e3
52.f4 e2 53.Kf2 e1=Q+ 54.Rxe1 Nd3+ 55.Ke2 Bxe1 56.Kxd3 Kd8 57.Bf7 Bxg3 58.Ke4 Be1
59.Bxg6 Bd2 60.Kf3 Ke7 61.Kg4 Kf8 62.f5 Kg7 63.Bh5 Bc3 64.f6+ Kf8 65.Kf5 Ba5
66.Ke6  1-0

[Event "UT Dallas GM Invitational"]
[Site "Richardson USA"]
[Date "2011.03.13"]
[Round "2"]
[White "Iotov,V"]
[Black "Bercys,S"]
[Result "1/2-1/2"]
[WhiteElo "2574"]
[BlackElo "2469"]

1.d4 Nf6 2.c4 g6 3.Nc3 Bg7 4.e4 d6 5.Nf3 O-O 6.Be2 e5 7.Be3 c6 8.dxe5 dxe5
9.h3 Qe7 10.c5 Nbd7 11.b4 b6 12.Qa4 Bb7 13.O-O a5 14.bxa5 Rxa5 15.Qb3 b5
16.Nd2 Rfa8 17.Qb4 Bf8 18.Nb3 Ra4 19.Nxa4 Rxa4 20.Qc3 Nxe4 21.Qc2 Nexc5 22.Rac1 Ne6
23.Bf3 Nf6 24.Rfd1 e4 25.Bg4 Nd5 26.Bxe6 Qxe6 27.Nc5 Bxc5 28.Qxc5 Ra8  1/2-1/2

[Event "UT Dallas GM Invitational"]
[Site "Richardson USA"]
[Date "2011.03.14"]
[Round "4"]
[White "Bercys,S"]
[Black "Bojkov,D"]
[Result "0-1"]
[WhiteElo "2469"]
[BlackElo "2523"]

1.d4 Nf6 2.c4 g6 3.Nc3 Bg7 4.e4 d6 5.Nf3 O-O 6.Be2 Na6 7.O-O e5 8.Be3 Ng4
9.Bg5 Qe8 10.Re1 exd4 11.Nd5 c6 12.Ne7+ Kh8 13.Nxc8 Rxc8 14.Nxd4 Nf6 15.f3 Qe5
16.Be3 d5 17.Qb3 c5 18.Nb5 dxe4 19.Rad1 Rcd8 20.Nxa7 Rxd1 21.Rxd1 exf3 22.Bxf3 Ne4
23.Qxb7 Nd6 24.Qb3 Nxc4 25.Qxc4 Qxe3+ 26.Kh1 Nc7 27.b4 Ne6 28.b5 Nd4 29.Bd5 Nf5
30.Qb3 c4 31.Bxc4 Qxa7 32.b6 Qb8 33.a4 Qf4 34.Rf1 Qh4 35.Bb5 Be5 36.Qh3 Qb4
37.b7 Rb8 38.Qf3 Qh4  0-1

[Event "ch-RUS U20"]
[Site "St Petersburg RUS"]
[Date "2011.03.14"]
[Round "10"]
[White "Goganov,A"]
[Black "Belous,V"]
[Result "1/2-1/2"]
[WhiteElo "2469"]
[BlackElo "2524"]

1.d4 Nf6 2.c4 g6 3.Nc3 Bg7 4.e4 d6 5.Nf3 O-O 6.Be2 Na6 7.O-O e5 8.Be3 Ng4
9.Bg5 Qe8 10.c5 exd4 11.Nd5 Be6 12.Bxa6 Bxd5 13.exd5 bxa6 14.cxd6 cxd6 15.Nxd4 Qe5
16.Qxg4 Qxd4 17.Qxd4 Bxd4 18.Rad1 Bxb2 19.Be7 Rfc8 20.Bxd6 Rc2 21.Rd3 Re8
22.Bg3 Ree2 23.Rfd1 Be5 24.Bxe5 Rxe5 25.d6 Re8 26.a3 Rd8 27.g3 Rc6 28.Kg2 Rd7
29.g4 Kg7 30.Kg3 Kf6 31.h4 h6 32.R1d2 Rb6 33.Kf4 g5+ 34.Kg3 Rc6 35.f4 gxf4+
36.Kxf4 Rc4+ 37.Rd4 Rxd6 38.Rxc4 Rxd2 39.Rc6+ Kg7 40.Rxa6 Rd4+ 41.Kf5 Rc4
42.h5 Rc5+ 43.Kf4 Rc4+ 44.Kg3 Rc3+ 45.Kh4 Rc7 46.a4 Rd7 47.a5 Rc7 48.Kg3 Rc3+
49.Kf4 Rc4+ 50.Kf5 Rc5+ 51.Ke4 Rc4+ 52.Kd5 Rxg4 53.Rxa7 Rg5+ 54.Kc6 Rxh5
55.a6 Ra5 56.Kb6 Ra1 57.Rc7 Rb1+ 58.Kc6 h5 59.a7 Ra1 60.Kb7 Rb1+ 61.Kc8 Ra1
62.Kb8 Kg6 63.a8=Q Rxa8+ 64.Kxa8 h4 65.Kb7 Kg5 66.Kc6 h3 67.Rxf7 Kg4 68.Rh7 Kg3
69.Kd5 h2 70.Ke4 Kg2 71.Rxh2+ Kxh2  1/2-1/2

[Event "ch-Moscow S/F 2011"]
[Site "Moscow RUS"]
[Date "2011.03.15"]
[Round "2"]
[White "Lifanov,M"]
[Black "Mozharov,M"]
[Result "1-0"]
[WhiteElo "2200"]
[BlackElo "2468"]

1.c4 Nf6 2.Nf3 g6 3.Nc3 Bg7 4.e4 d6 5.d4 O-O 6.Be2 e5 7.O-O Na6 8.Re1 Qe8
9.Bf1 Bg4 10.d5 Nh5 11.h3 Bd7 12.Rb1 f5 13.b4 h6 14.c5 Nb8 15.Ba3 g5 16.exf5 Bxf5
17.Bd3 Bxd3 18.Qxd3 Nf4 19.Qd1 Qg6 20.Ne4 Rf7 21.b5 Nd7 22.cxd6 Bf8 23.dxc7 Bxa3
24.d6 Qe6 25.Re3 g4 26.Nfg5 hxg5 27.Nxg5 Qg6 28.Nxf7 Kxf7 29.Rxa3 gxh3 30.g3 Qe4
31.f3 Qe2 32.Qxe2 Nxe2+ 33.Kf2 Nd4 34.Rxa7 Rc8 35.Rxb7 Ke6 36.b6 Kxd6 37.Ra7 Nc6
38.Rd1+ Ke7 39.Ra6 h2 40.Kg2 Nb4 41.b7 h1=Q+ 42.Kxh1 Rxc7 43.Rxd7+  1-0

[Event "ch-PriFO A"]
[Site "Tolyatti RUS"]
[Date "2011.03.16"]
[Round "7.18"]
[White "Ostanin,V"]
[Black "Davydov,St"]
[Result "1/2-1/2"]
[WhiteElo "2316"]
[BlackElo "2223"]

1.c4 Nf6 2.Nc3 g6 3.e4 d6 4.Nf3 Bg7 5.d4 O-O 6.Be2 e5 7.O-O exd4 8.Nxd4 Re8
9.f3 Nc6 10.Nxc6 bxc6 11.Be3 Nh5 12.g4 Be5 13.gxh5 Bxh2+ 14.Kxh2 Qh4+ 15.Kg1 Qg3+
16.Kh1 Qh4+ 17.Kg1 Qg3+ 18.Kh1 Qh4+ 19.Kg1 Qg3+  1/2-1/2

[Event "UT Dallas GM Invitational"]
[Site "Richardson USA"]
[Date "2011.03.17"]
[Round "8"]
[White "Zivanic,M"]
[Black "Shabalov,A"]
[Result "1/2-1/2"]
[WhiteElo "2497"]
[BlackElo "2590"]

1.d4 Nf6 2.c4 g6 3.Nc3 Bg7 4.e4 d6 5.Nf3 O-O 6.Be2 e5 7.Be3 c6 8.d5 Ng4 9.Bg5 f6
10.Bh4 Na6 11.O-O h5 12.h3 Nh6 13.Ne1 c5 14.Nd3 g5 15.Bg3 g4 16.f4 f5 17.fxe5 gxh3
18.Qd2 hxg2 19.Kxg2 dxe5 20.Bxe5 Bxe5 21.Qxh6 Bg7 22.Qxh5 Rf6 23.Qg5 Qb6
24.exf5 Bxf5 25.Rxf5 Rg6 26.Nf4 Rxg5+ 27.Rxg5 Nc7 28.Nh5 Ne8 29.Rf1 Qxb2
30.Rf3 Rd8 31.Re3 Kf8 32.Rf5+ Kg8 33.Rg5 Kf8 34.Rf5+ Kg8 35.Rg5  1/2-1/2

[Event "ch-Southern FR Men"]
[Site "Armavir RUS"]
[Date "2011.03.19"]
[Round "8"]
[White "Baraeva,M"]
[Black "Kondenko,A"]
[Result "0-1"]
[WhiteElo "2168"]
[BlackElo "2253"]

1.d4 Nf6 2.c4 g6 3.Nc3 Bg7 4.e4 O-O 5.Be2 d6 6.Nf3 Nbd7 7.O-O e5 8.Qc2 c6
9.Rd1 Re8 10.dxe5 dxe5 11.Be3 Qe7 12.Nd2 Nf8 13.f3 Ne6 14.Nb3 Nh5 15.Bf1 Bf6
16.Qf2 Bg5 17.Bxa7 Rxa7 18.Qxa7 Nd4 19.Rd3 Nf4 20.Rxd4 exd4 21.Qxd4 Bf6 22.Qe3 Be5
23.g3 Nh3+ 24.Kh1 h5 25.Re1 Qf6 26.Bxh3 Bxh3 27.f4 Bc7 28.Nd2 Qe7 29.a3 Rd8
30.Rd1 Qe6 31.Qe2 Bg4 32.Nf3 Rxd1+ 33.Nxd1 Bxf3+ 34.Qxf3 Qxc4 35.b3 Qc2 36.Kg1 Bb6+
37.Nf2 Qc1+ 38.Kg2 Qxa3 39.f5 Qb2 40.fxg6 fxg6 41.Qf4 Kg7 42.Kf1 Qxf2+ 43.Qxf2 Bxf2
44.Kxf2 Kf6 45.Ke3 Ke5 46.b4 g5 47.Kd3 b6 48.h3 c5 49.bxc5 bxc5 50.h4 g4  0-1

[Event "ch-Southern FR Men"]
[Site "Armavir RUS"]
[Date "2011.03.19"]
[Round "8"]
[White "Gubernatorov,S"]
[Black "Petrov,Ar"]
[Result "0-1"]
[WhiteElo "2287"]
[BlackElo "2382"]

1.c4 Nf6 2.Nc3 d6 3.d4 g6 4.e4 Bg7 5.Be2 O-O 6.Be3 e5 7.Nf3 Ng4 8.Bg5 f6
9.Bh4 Qe8 10.O-O h5 11.dxe5 dxe5 12.Ne1 c6 13.Nc2 Be6 14.f3 Nh6 15.Bf2 Qf7
16.b3 Nd7 17.Qd2 Rfd8 18.Rfd1 Bf8 19.Be3 Kh7 20.Bf1 f5 21.g3 f4 22.gxf4 exf4
23.Bxf4 Ne5 24.Bxe5 Rxd2 25.Rxd2 Qxf3 26.Bg2 Qf7 27.Rf1 Qe8 28.Bf6 Ng4 29.e5 Bf5
30.Ne4 Bxe4 31.Bxe4 Nxf6 32.Rxf6 Qxe5 33.Bxg6+ Kh6 34.Rf5 Qb2  0-1

[Event "e2e4 Uxbridge Open"]
[Site "Denham ENG"]
[Date "2011.03.19"]
[Round "2"]
[White "Bonafont,P"]
[Black "Shaw,Matt"]
[Result "0-1"]
[WhiteElo "2170"]
[BlackElo "1919"]

1.d4 Nf6 2.Nf3 g6 3.c4 Bg7 4.Nc3 O-O 5.e4 d6 6.Be2 e5 7.d5 a5 8.Bg5 h6 9.Bh4 Na6
10.Nd2 Bd7 11.O-O Qe8 12.b3 Nh7 13.a3 h5 14.Qc2 g5 15.Bxh5 gxh4 16.f4 exf4
17.Be2 Bd4+ 18.Kh1 f5 19.Bd3 Nc5 20.Rae1 Be3 21.exf5 Nxd3 22.Qxd3 Bxf5 23.Qe2 Qg6  0-1

[Event "ch-Moscow S/F 2011"]
[Site "Moscow RUS"]
[Date "2011.03.19"]
[Round "4"]
[White "Gavrilov,Al1"]
[Black "Sychev,K"]
[Result "1-0"]
[WhiteElo "2486"]
[BlackElo "2258"]

1.d4 Nf6 2.c4 g6 3.Nc3 Bg7 4.e4 d6 5.Nf3 O-O 6.Be2 e5 7.Be3 exd4 8.Nxd4 Re8
9.f3 c6 10.Bf2 d5 11.exd5 cxd5 12.O-O Nc6 13.c5 Bf8 14.Bb5 Bd7 15.Nb3 a6
16.Ba4 Re5 17.Qd2 Rh5 18.Rad1 Bh6 19.Be3 Qc7 20.g3 Bxe3+ 21.Qxe3 Re8 22.Qf2 Bh3
23.Rfe1 Rxe1+ 24.Rxe1 Ne5 25.Qe3 d4 26.Nxd4 Qxc5 27.Kh1 b5 28.Bb3 Bc8 29.Qf4 Kg7
30.Qxf6+ Kxf6 31.Ne4+ Kg7 32.Nxc5  1-0

[Event "ch-NCA 2011"]
[Site "Managua NCA"]
[Date "2011.03.20"]
[Round "8.5"]
[White "Carranza,I"]
[Black "Ortiz,Ma"]
[Result "0-1"]
[WhiteElo "2069"]
[BlackElo "2111"]

1.d4 Nf6 2.c4 g6 3.Nc3 Bg7 4.Nf3 O-O 5.e4 d6 6.Be2 Na6 7.O-O e5 8.d5 Nc5
9.Nd2 a5 10.f3 Bh6 11.Nb3 Bxc1 12.Rxc1 Nh5 13.Nxc5 dxc5 14.Qd2 Nf4 15.Rfd1 Bd7
16.Bf1 b6 17.g3 Nh5 18.Bg2 Ng7 19.Qe3 Ne8 20.a4 Nd6 21.b3 Qe7 22.Re1 Rae8
23.Rc2 f5 24.Nb5 Bxb5 25.cxb5 f4 26.Qc3 Qd7 27.Qd3 g5 28.g4 Rf6 29.Kf2 Qg7
30.Rh1 Qh6 31.Kf1 Qh4 32.Qe2 Kg7 33.Qf2 Qxf2+ 34.Kxf2 Rh6 35.h3 Rh4 36.Rcc1 Rh8
37.Ke2 Kf6 38.Rhd1 Ke7 39.Rg1 Nb7 40.Rc2 Kd6 41.Rgc1 Nd8 42.Rc3 Nf7 43.R3c2 Ra8
44.Kd3 Nh8 45.Rh1 Ng6 46.Ke2 Rf8 47.Kf2 h5 48.gxh5 Rxh5 49.Rcc1 Rfh8 50.Rcg1 Nf8
51.Bf1 Nd7 52.h4 Nf6 53.Rg2 g4 54.fxg4 Rxh4 55.Rxh4 Nxe4+ 56.Ke2 Rxh4 57.g5 Ng3+
58.Kf3 e4+ 59.Kf2 Nxf1 60.Kxf1 Kxd5 61.g6 Rh8 62.g7 Rg8 63.Kf2 Kd4 64.Rg4 Kd3
65.Rg5 Kc3 66.Rf5 Rxg7 67.Rxf4 Re7 68.Ke3 Kxb3 69.Rf1 c4 70.Kd4 Rd7+ 71.Kxe4 c3  0-1

[Event "ch-Moscow S/F 2011"]
[Site "Moscow RUS"]
[Date "2011.03.20"]
[Round "5"]
[White "Morozov,G"]
[Black "Krezhanovsky,S"]
[Result "1-0"]
[WhiteElo "2335"]
[BlackElo "2193"]

1.d4 Nf6 2.c4 g6 3.Nc3 Bg7 4.e4 d6 5.Be2 O-O 6.Nf3 e5 7.dxe5 dxe5 8.Bg5 Qe8
9.O-O Na6 10.Qc2 Nd7 11.a3 h6 12.Bc1 Nac5 13.b4 Ne6 14.Bb2 f5 15.c5 Kh8 16.Bc4 fxe4
17.Nxe4 Rxf3 18.Bxe6 Qxe6 19.gxf3 Qf5 20.Qe2 Nf8 21.Ng3 Qg5 22.Rfe1 Bd7 23.Bxe5 Re8
24.Bxg7+ Kxg7 25.Qb2+ Kh7 26.Rxe8 Bxe8 27.Re1 Bc6 28.Qe5 Qxe5 29.Rxe5 Bxf3
30.Re7+ Kg8 31.Rxc7 Ne6 32.Re7 Nd4 33.h4 h5 34.Rd7 Ne6 35.Nf1 g5 36.Nd2 Bc6
37.Re7 Nf4 38.hxg5 h4 39.Kh2 Bg2 40.f3  1-0

[Event "TCh-SUI 2011"]
[Site "Switzerland SUI"]
[Date "2011.03.20"]
[Round "2.3"]
[White "Bogner,S"]
[Black "Ambrosini,N"]
[Result "1-0"]
[WhiteElo "2541"]
[BlackElo "2250"]

1.d4 g6 2.Nf3 Nf6 3.c4 Bg7 4.Nc3 O-O 5.e4 d6 6.Be2 e5 7.Be3 Ng4 8.Bg5 f6
9.Bh4 g5 10.Bg3 Nh6 11.dxe5 dxe5 12.Qb3 g4 13.Rd1 Qe8 14.Nh4 Nc6 15.c5+ Kh8
16.Nd5 Nd4 17.Nxc7 Nxb3 18.Nxe8 Nxc5 19.Nc7 Rb8 20.f3 gxf3 21.gxf3 f5 22.Rd5 Ne6
23.Bxe5 Bxe5 24.Nxe6 Bxe6 25.Rxe5 Bxa2 26.Ra5 Be6 27.Rg1 a6 28.Ng6+ hxg6
29.Rxg6 Rbe8 30.Rxh6+ Kg7 31.Rh5 Rh8 32.Rg5+ Kf6 33.Rg2 Bd7 34.Bd3 fxe4 35.fxe4 Bc6
36.Rf5+ Ke7 37.Rd2 Rh4 38.Kf1 Reh8 39.Rff2 Ke6 40.Bc4+ Ke5 41.Bd5 Bxd5 42.exd5 Kd6
43.Kg1 R8h6 44.Rf7 Rg4+ 45.Kh1 b5 46.Ra7 Ke5 47.d6  1-0